000 00799nab a2200241 u 4500
001 14693
003 HDC
007 cr bn ---aaaaa
008 210215c20140623my dr|nes 0 a may d
040 _aHDC
245 0 _aSasar RM20j jualan MAHA 2014
260 _aKuala Lumpur :
_bThe New Straits Times Press (M) Bhd.,
_c2014
336 _atext
_2rdacontent
337 _acomputer
_2rdamedia
338 _aonline resource
_2rdacarrier
650 _aAgriculture exhibition
_zMalaysia
_915149
650 _aAgriculture industry
_92340
710 _aHarian Metro
856 _zRequest full-text at [email protected]
942 _2lcc
942 _cNEWS
942 _kNWSC 005608
999 _c12009
_d12009